000 00298nam a2200109Ia 4500
008 190914s9999||||xx |||||||||||||| ||und||
100 _aDr.M. Iqbal Khan
245 0 _aMedical Ethics and Islamic Perspective
260 _aIslamabad
_bInstitute of Policy Studies
_c2000
300 _a468
942 _cBK
999 _c9133
_d9133